2st Cebtury urban renewal: Mathematical understanding of real-world graphical data using Geospatial technologies (Record no. 340875)
[ view plain ]
| 000 -LEADER | |
|---|---|
| fixed length control field | 00394nam a2200121Ia 4500 |
| 008 - FIXED-LENGTH DATA ELEMENTS--GENERAL INFORMATION | |
| fixed length control field | 170725s9999 xx 000 0 und d |
| 245 ## - TITLE STATEMENT | |
| Title | 2st Cebtury urban renewal: Mathematical understanding of real-world graphical data using Geospatial technologies |
| 260 ## - PUBLICATION, DISTRIBUTION, ETC. (IMPRINT) | |
| Date of publication, distribution, etc | 2017 |
| 300 ## - PHYSICAL DESCRIPTION | |
| Extent | pages 43030, |
| 440 ## - SERIES STATEMENT/ADDED ENTRY--TITLE | |
| Title | Journal of Education |
| Volume number/sequential designation | 197:1 |
| 500 ## - GENERAL NOTE | |
| General note | CJ0037 |
| 650 ## - SUBJECT ADDED ENTRY--TOPICAL TERM | |
| Topical term or geographic name as entry element | Mathematics Education |
| Withdrawn status | Lost status | Damaged status | Home library | Current library | Date acquired | Total Checkouts | Date last seen | Price effective from | Koha item type |
|---|---|---|---|---|---|---|---|---|---|
| College Library | College Library | 07/25/2017 | 07/25/2017 | 07/25/2017 | Periodicals |